| 000 | 01156nam a22004210a 4500 | ||
|---|---|---|---|
| 001 | PT39113 | ||
| 003 | AR-LpoUNG | ||
| 005 | 20210131230609.0 | ||
| 008 | 191001s2000||||ag |||||||||||||||||spa d | ||
| 020 |
_a9505375123 _c$17.96 |
||
| 040 |
_aAR-LpoUNG _bspa _cAR-LpoUNG _eaacr |
||
| 041 | _aspa | ||
| 044 | _aag | ||
| 082 | 0 | _a334.01 412mal | |
| 100 | 1 | _aFerullo, Hugo Daniel | |
| 245 | 1 | 3 |
_aEl malestar en las economías modernas de mercado : _bsobre la economía social, el tercer sector y la sociedad civil |
| 250 | _a1§ ed. | ||
| 260 |
_aBuenos Aires : _bMacchi, _c2000. |
||
| 300 |
_a223 p. : _btbls. |
||
| 650 | 4 | _aAMERICA LATINA | |
| 650 | 4 | _aARGENTINA | |
| 650 | 4 | _aDESEMPLEO | |
| 650 | 4 | _aECONOMIA | |
| 650 | 4 | _aESTADISTICAS | |
| 650 | 4 | _aINVESTIGACION ECONOMICA | |
| 650 | 4 | _aMERCADO | |
| 650 | 4 | _aMODELOS ECONOMICOS | |
| 650 | 4 | _aPENSAMIENTO ECONOMICO | |
| 650 | 4 | _aPOBREZA | |
| 650 | 4 | _aPOLITICA ECONOMICA | |
| 650 | 4 | _aTEORIA ECONOMICA | |
| 650 | 4 | _aTRABAJO | |
| 651 | 4 | _aDOCUMENTOS TEORICOS O METODOLOGICOS | |
| 653 | _aECONOMIA SOCIAL | ||
| 653 | _aECONOMIA SOLIDARIA | ||
| 905 | _a39113 | ||
| 942 | _cLIB | ||
| 999 |
_c4827 _d4827 |
||